000 00214nam a22001097a 4500
999 _c65193
_d65190
082 _a297HAM
100 _aHamood- Ur - Rehman
245 _aReflections on Islam
260 _aLahore
300 _a280p
942 _cBK